[Event "Russian Championship B17 1st league 2016"]
[Site "Loo"]
[Date "2016.04.20"]
[Round "1.22"]
[White "Kostin, Ilya"]
[Black "Smorchkov, Danil"]
[Result "0-1"]
[WhiteElo "1697"]
[BlackElo "2017"]
[PlyCount "120"]
[EventDate "2016.04.20"]

1. e4 c5 2. Nf3 Nc6 3. c3 d5 4. e5 Bf5 5. d4 e6 6. Be2 h6 7. O-O Bh7 8. b3 Nge7
9. Nh4 g5 10. Nf3 Bg7 11. Na3 O-O 12. h3 a6 13. Bd3 Bxd3 14. Qxd3 cxd4 15. cxd4
Rc8 16. Nc2 Ng6 17. g3 f5 18. Bd2 Qe8 19. Nh2 Ncxe5 20. dxe5 Nxe5 21. Qe2 Rxc2
22. Rfc1 Rxc1+ 23. Rxc1 Nc6 24. f4 gxf4 25. gxf4 e5 26. fxe5 Qxe5 27. Qxe5 Nxe5
28. Rc7 Rf7 29. Rc8+ Kh7 30. Kf2 d4 31. Nf3 Nxf3 32. Kxf3 Re7 33. Rd8 Re6 34.
Rd7 b5 35. Rd5 Kg6 36. a4 bxa4 37. bxa4 Bf6 38. a5 Rc6 39. Ke2 h5 40. Kd3 h4
41. Rd7 Be5 42. Rb7 Kf6 43. Rh7 Ke6 44. Rxh4 Kd5 45. Rh7 Rg6 46. Rd7+ Kc5 47.
Ra7 Rg3+ 48. Ke2 d3+ 49. Kf2 Rxh3 50. Rxa6 f4 51. Re6 Kd5 52. Re8 Rh2+ 53. Ke1
f3 54. Rd8+ Kc4 55. Rc8+ Kb3 56. Rg8 Re2+ 57. Kd1 f2 58. Rf8 Bc3 59. Rb8+ Ka4
60. Rf8 Rxd2+ 0-1

[Event "Russian Championship B17 1st league 2016"]
[Site "Loo"]
[Date "2016.04.20"]
[Round "1.23"]
[White "Zabolotnov, Evgeny"]
[Black "Prorochenko, Nikita"]
[Result "1-0"]
[WhiteElo "2010"]
[BlackElo "1682"]
[PlyCount "79"]
[EventDate "2016.04.20"]

1. d4 Nf6 2. c4 e6 3. Nf3 b6 4. g3 Bb7 5. Bg2 Be7 6. O-O O-O 7. Re1 d5 8. cxd5
exd5 9. Nc3 Nbd7 10. Bf4 c5 11. dxc5 Nxc5 12. Rc1 Nfe4 13. Be5 Bf6 14. Bxf6
Qxf6 15. Qd4 Qxd4 16. Nxd4 Rfd8 17. b4 Ne6 18. Nxe6 fxe6 19. Nxe4 dxe4 20. Rc7
Bd5 21. Rec1 Kf8 22. a3 a5 23. b5 Re8 24. f3 exf3 25. Bxf3 Bxf3 26. exf3 Rab8
27. Kf2 Re7 28. Ke3 Kf7 29. Rxe7+ Kxe7 30. Rc6 Kf6 31. Ke4 h5 32. f4 g6 33. h3
Rd8 34. Rxb6 a4 35. g4 Rd5 36. Rb7 hxg4 37. hxg4 g5 38. f5 Re5+ 39. Kd4 Rd5+
40. Kc4 1-0

[Event "Russian Championship B17 1st league 2016"]
[Site "Loo"]
[Date "2016.04.20"]
[Round "1.24"]
[White "Loskutov, Efrem"]
[Black "Kirillov, Konstantin"]
[Result "0-1"]
[WhiteElo "1673"]
[BlackElo "2002"]
[PlyCount "46"]
[EventDate "2016.04.20"]

1. d4 Nf6 2. c4 e6 3. Nc3 Bb4 4. f3 O-O 5. Bd2 d5 6. e3 c5 7. a3 Bxc3 8. Bxc3
cxd4 9. Bxd4 Nc6 10. Bc3 e5 11. Bd3 d4 12. Bd2 Qb6 13. Qc1 e4 14. fxe4 Re8 15.
c5 Qd8 16. Qc2 Nxe4 17. Nf3 Nxd2 18. Qxd2 Rxe3+ 19. Kf2 Bg4 20. Nxd4 Qf6+ 21.
Nf5 Re5 22. Rhf1 Bxf5 23. Kg1 Qe6 0-1

[Event "Russian Championship B17 1st league 2016"]
[Site "Loo"]
[Date "2016.04.20"]
[Round "1.25"]
[White "Makarenko, Aleksandr"]
[Black "Shevelev, Alexandr"]
[Result "1-0"]
[WhiteElo "1987"]
[BlackElo "1668"]
[PlyCount "179"]
[EventDate "2016.04.20"]

1. d4 d5 2. Nf3 Nf6 3. c4 e6 4. g3 Be7 5. Bg2 O-O 6. O-O dxc4 7. Ne5 Nc6 8.
Nxc6 bxc6 9. Nc3 Rb8 10. e4 c5 11. d5 exd5 12. e5 Ng4 13. Qxd5 Bb7 14. Qxd8
Rfxd8 15. Bxb7 Rxb7 16. Re1 c6 17. h3 Nh6 18. g4 f6 19. e6 g5 20. f4 gxf4 21.
Bxf4 Kg7 22. Re2 Ng8 23. Ne4 Rd4 24. Ng3 Kf8 25. Ne4 a5 26. Rf1 Rb4 27. Be5
Rxb2 28. Rxb2 Rxe4 29. Rb8+ Kg7 30. Bb2 Rxe6 31. Rc1 Re3 32. Rc3 Re4 33. Rc8
Bd6 34. Rxc6 Rd4 35. Rc2 Rd1+ 36. Kg2 Ne7 37. Ra6 Ng6 38. Bc1 Be5 39. Ra7+ Kg8
40. Bh6 f5 41. gxf5 Nh4+ 42. Kf2 Nxf5 43. Rd2 Bd4+ 44. Ke2 Rh1 45. Bf4 Rxh3 46.
Rd1 Ng3+ 47. Bxg3 Rxg3 48. Rb1 Rg2+ 49. Kf3 Rf2+ 50. Ke4 Rf8 51. Rc1 c3 52. Rc2
Rf2 53. Rxf2 Bxf2 54. Ra8+ Kg7 55. Kd3 Bd4 56. Rxa5 h5 57. Rb5 h4 58. a4 Kf7
59. Rb1 Ke6 60. Rh1 Bf6 61. Kc4 Kd6 62. Kb5 Bg5 63. a5 Kc7 64. a6 c4 65. Rh2
Be3 66. Kxc4 Kb6 67. Ra2 Ka7 68. Kxc3 h3 69. Rh2 Bf4 70. Rxh3 Kxa6 71. Kc4 Kb6
72. Rf3 Bd2 73. Rf6+ Kc7 74. Kd5 Kb7 75. Rc6 Ba5 76. Kc5 Bc7 77. Kb5 Ba5 78.
Rh6 Bd8 79. Rh7+ Kc8 80. Kc6 Bf6 81. Rf7 Bh4 82. Rf8+ Bd8 83. Re8 Kb8 84. Rxd8+
Ka7 85. Rd1 Kb8 86. Rd7 Kc8 87. Rd6 Kb8 88. Kb6 Kc8 89. Rd4 Kb8 90. Rd8# 1-0

[Event "Russian Championship B17 1st league 2016"]
[Site "Loo"]
[Date "2016.04.20"]
[Round "1.26"]
[White "Slastikhin, Vladislav"]
[Black "Chudiniv, Andrey"]
[Result "1-0"]
[WhiteElo "1658"]
[BlackElo "1986"]
[PlyCount "125"]
[EventDate "2016.04.20"]

1. d4 d6 2. c4 e5 3. d5 f5 4. Nc3 Nf6 5. Bg5 Be7 6. Bxf6 Bxf6 7. e4 fxe4 8.
Nxe4 Bf5 9. Bd3 O-O 10. Nf3 Na6 11. O-O Qd7 12. a3 Bxe4 13. Bxe4 Nc5 14. Qc2
Nxe4 15. Qxe4 Be7 16. g3 Qh3 17. Nd2 Qh6 18. Qe2 c6 19. Rac1 Bg5 20. Rc2 Bxd2
21. Rxd2 c5 22. Qe3 Qh3 23. Qe4 Rf6 24. b4 Rc8 25. b5 Rcf8 26. f3 g5 27. Rdf2
Kg7 28. Qg4 Qxg4 29. fxg4 Rxf2 30. Rxf2 Re8 31. Kf1 b6 32. Ke2 Ra8 33. Kd3 a6
34. bxa6 Rxa6 35. Ra2 Ra4 36. Rb2 Rxa3+ 37. Ke4 Ra4 38. Rxb6 Rxc4+ 39. Kf5 Rc1
40. Rxd6 c4 41. Kxe5 c3 42. Kd4 c2 43. Kd3 Rh1 44. Kxc2 Rxh2+ 45. Kd3 h6 46.
Re6 Rh1 47. Kd4 Rg1 48. d6 Kf7 49. Re3 Rd1+ 50. Kc5 Rc1+ 51. Kd5 Rd1+ 52. Kc6
Rc1+ 53. Kd7 Rc4 54. Rf3+ Kg7 55. Kd8 Rxg4 56. d7 Rd4 57. Rf5 Kg6 58. Rc5 h5
59. Kc7 h4 60. gxh4 gxh4 61. d8=Q Rxd8 62. Kxd8 h3 63. Rc3 1-0

[Event "Russian Championship B17 1st league 2016"]
[Site "Loo"]
[Date "2016.04.20"]
[Round "1.27"]
[White "Nerushev, Arseniy"]
[Black "Kiyashko, Andrey"]
[Result "1-0"]
[WhiteElo "1982"]
[BlackElo "1653"]
[PlyCount "89"]
[EventDate "2016.04.20"]

1. Nf3 d5 2. g3 Nf6 3. Bg2 e6 4. O-O Be7 5. d3 b6 6. Nbd2 Bb7 7. Re1 O-O 8. b3
c5 9. Bb2 Nc6 10. c4 d4 11. a3 Qd7 12. Qc2 Rfe8 13. e4 e5 14. Nf1 Bd6 15. Bc1
h6 16. h3 Ne7 17. g4 Nh7 18. Bd2 a5 19. Ng3 b5 20. Nh4 Bc6 21. Nhf5 Reb8 22.
cxb5 Rxb5 23. a4 Rb7 24. f4 exf4 25. Nxe7+ Bxe7 26. Bxf4 Bh4 27. Rf1 Bg5 28.
Nf5 Bxf4 29. Rxf4 Nf8 30. e5 Ne6 31. Rff1 Rc7 32. Nd6 Nd8 33. Nc4 Ra6 34. Rae1
Nb7 35. e6 fxe6 36. Ne5 Qe8 37. Nxc6 Raxc6 38. Bxc6 Qxc6 39. Qg2 Qb6 40. Qg3
Rd7 41. g5 hxg5 42. Qxg5 Qd6 43. Qe5 Qc6 44. Qf4 Qc8 45. Re5 {
далее запись неразбор~~ива} 1-0

[Event "Russian Championship B17 1st league 2016"]
[Site "Loo"]
[Date "2016.04.20"]
[Round "1.28"]
[White "Malyshev, Kirill"]
[Black "Valov, Eugeny"]
[Result "1/2-1/2"]
[WhiteElo "1628"]
[BlackElo "1970"]
[PlyCount "102"]
[EventDate "2016.04.20"]

1. Nf3 Nf6 2. g3 d5 3. Bg2 c5 4. O-O Nc6 5. d4 e6 6. c4 dxc4 7. Ne5 Nxe5 8.
dxe5 Nd5 9. Qa4+ Bd7 10. Qxc4 b5 11. Qb3 c4 12. Qd1 Bc6 13. Nc3 Be7 14. Nxd5
Bxd5 15. e4 Bb7 16. Qg4 Kf8 17. Rd1 Qc7 18. f4 Bc5+ 19. Kh1 h5 20. Qf3 a5 21.
Be3 Be7 22. h4 f5 23. exf6 gxf6 24. Qf2 Kf7 25. Bb6 Qc6 26. e5 Qxg2+ 27. Qxg2
Bxg2+ 28. Kxg2 Ra6 29. Bc7 Rg8 30. Kf3 Ra7 31. Bd6 Bxd6 32. Rxd6 fxe5 33. fxe5
Ke7 34. Rad1 Rf8+ 35. Ke3 Rf5 36. Ke4 Rf2 37. R1d2 Rxd2 38. Rxd2 Rc7 39. Rc2
Rc5 40. b3 c3 41. Kd4 Rd5+ 42. Kxc3 Rxe5 43. Kd3 Rf5 44. Ke3 Kd6 45. Rd2+ Kc6
46. Rd4 Rf1 47. a4 b4 48. Rc4+ Kd6 49. Rd4+ Kc6 50. Rc4+ Kd6 51. Rd4+ Kc6
1/2-1/2

[Event "Russian Championship B17 1st league 2016"]
[Site "Loo"]
[Date "2016.04.20"]
[Round "1.29"]
[White "Tretyakov, Stepan"]
[Black "Belov, Aleksey"]
[Result "1-0"]
[WhiteElo "1967"]
[BlackElo "1612"]
[PlyCount "79"]
[EventDate "2016.04.20"]

1. d4 Nf6 2. c4 g6 3. Nc3 Bg7 4. e4 d6 5. Nf3 O-O 6. Be2 e5 7. O-O Nc6 8. d5
Ne7 9. Ne1 Nd7 10. f3 f5 11. g4 Kh8 12. Nd3 a5 13. Be3 b6 14. a3 Nc5 15. b4
Nxd3 16. Qxd3 Ng8 17. c5 bxc5 18. bxc5 Bh6 19. cxd6 cxd6 20. Rfc1 fxg4 21. fxg4
Qh4 22. Nb5 Bxg4 23. Nxd6 Bf4 24. Bxf4 Rxf4 25. Rf1 Raf8 26. Rxf4 exf4 27. Rf1
f3 28. Bxf3 Bh3 29. Bg2 Rxf1+ 30. Qxf1 Bxg2 31. Kxg2 Qg5+ 32. Kh1 Qe7 33. e5
Kg7 34. Qf4 h5 35. a4 Nh6 36. h3 Ng8 37. Kg2 Nh6 38. e6 Ng8 39. Qe5+ Qf6 40.
Ne8+ 1-0

[Event "Russian Championship B17 1st league 2016"]
[Site "Loo"]
[Date "2016.04.20"]
[Round "1.30"]
[White "Spiridonov, Vladislav"]
[Black "Karelov, Pavel"]
[Result "1-0"]
[WhiteElo "1591"]
[BlackElo "1961"]
[PlyCount "149"]
[EventDate "2016.04.20"]

1. e4 c5 2. Nf3 Nc6 3. d4 cxd4 4. Nxd4 g6 5. Nc3 Bg7 6. Be3 Nf6 7. Nxc6 bxc6 8.
e5 Nd5 9. Nxd5 cxd5 10. Qxd5 Rb8 11. Bc4 O-O 12. O-O Qc7 13. f4 d6 14. Bb3 Be6
15. exd6 exd6 16. Qd2 Bxb2 17. Rad1 Ba3 18. f5 Bxb3 19. cxb3 f6 20. fxg6 hxg6
21. Bd4 Bc5 22. Kh1 Qg7 23. Bxc5 dxc5 24. Qd5+ Kh7 25. Rf3 Qc7 26. Qd7+ Rf7 27.
Qxc7 Rxc7 28. Rxf6 Re8 29. Kg1 Re2 30. Rf2 Rxf2 31. Kxf2 c4 32. Rc1 Rf7+ 33.
Ke3 cxb3 34. axb3 Rb7 35. Rc3 Kh6 36. Kd3 Rb4 37. Kc2 Rf4 38. Rd3 a5 39. Kc3 g5
40. g3 Rf5 41. Kc4 Re5 42. h3 Kh5 43. Rd5 Re4+ 44. Kc3 Re3+ 45. Rd3 Re4 46. h4
g4 47. Rd5+ Kh6 48. Kd3 Rb4 49. Kc3 Re4 50. Kd3 Rb4 51. Kc2 a4 52. bxa4 Rxa4
53. Kd2 Ra3 54. Rd3 Ra4 55. Ke3 Kg6 56. Rd4 Ra3+ 57. Kf4 Kh5 58. Rd5+ Kg6 59.
Kxg4 Ra4+ 60. Kh3 Rb4 61. h5+ Kh6 62. g4 Rb1 63. Rd6+ Kg5 64. Rd5+ Kh6 65. Rf5
Rg1 66. Rf6+ Kg5 67. Rg6+ Kf4 68. Kh2 Ra1 69. h6 Ra2+ 70. Kh3 Ra1 71. g5 Kf3
72. Rf6+ Ke4 73. Kg4 Rh1 74. Re6+ Kd5 75. Re3 1-0

[Event "Russian Championship B17 1st league 2016"]
[Site "Loo"]
[Date "2016.04.20"]
[Round "1.31"]
[White "Privorotsky, Oleg"]
[Black "Murtazin, Rifat"]
[Result "1-0"]
[WhiteElo "1954"]
[BlackElo "1555"]
[PlyCount "111"]
[EventDate "2016.04.20"]

1. e4 c5 2. Nf3 d6 3. c3 Nf6 4. Bd3 Nc6 5. Bc2 Bg4 6. d3 g6 7. Nbd2 Bg7 8. h3
Bxf3 9. Nxf3 O-O 10. O-O e6 11. Be3 Rc8 12. Qd2 Qa5 13. a3 b5 14. Rfc1 Nd7 15.
Bh6 Nde5 16. Nxe5 Nxe5 17. Bxg7 Kxg7 18. f4 Nd7 19. Kh1 Qb6 20. Rf1 Rce8 21. d4
cxd4 22. cxd4 d5 23. e5 Qb7 24. g4 f6 25. exf6+ Rxf6 26. Rae1 Qc8 27. Bd3 a6
28. h4 h6 29. Qh2 Rh8 30. Kg1 Nb6 31. Qg3 Nc4 32. Rf2 Qc6 33. Bb1 Qd7 34. g5
hxg5 35. hxg5 Rff8 36. Rfe2 Re8 37. Qg4 Kf7 38. Kg2 Nd6 39. Bxg6+ Kxg6 40.
Rxe6+ Rxe6 41. Qxe6+ Qxe6 42. Rxe6+ Kf5 43. Rxd6 Kxf4 44. Rxd5 Ke4 45. Rd6 Rg8
46. g6 a5 47. Kg3 b4 48. Kg4 bxa3 49. bxa3 a4 50. Kg5 Rf8 51. g7 Rf3 52. Rg6
Rxa3 53. g8=Q Kxd4 54. Rd6+ Kc3 55. Qc8+ Kb2 56. Rd2+ 1-0

[Event "Russian Championship B17 1st league 2016"]
[Site "Loo"]
[Date "2016.04.20"]
[Round "1.32"]
[White "Tsurtsumiya, Ruslan"]
[Black "Tchebalkin, Evgeny"]
[Result "1/2-1/2"]
[WhiteElo "1549"]
[BlackElo "1945"]
[PlyCount "85"]
[EventDate "2016.04.20"]

1. e4 e6 2. d4 d5 3. Nc3 Bb4 4. e5 c5 5. a3 Bxc3+ 6. bxc3 Ne7 7. Qg4 Nbc6 8.
Nf3 Nf5 9. Bd3 Nce7 10. O-O Bd7 11. Bg5 Rg8 12. Rab1 Rb8 13. dxc5 h6 14. Bd2
Qc7 15. Bxf5 Nxf5 16. Nd4 Ne7 17. Nb3 Bb5 18. Rfe1 Bc4 19. Be3 Nf5 20. Bd4 g6
21. h3 h5 22. Qf3 Qd8 23. Nd2 Ba6 24. Rb2 Qa5 25. Rd1 Qxa3 26. Rb3 Qa5 27. Nf1
Bc4 28. Rb2 Qa6 29. Ng3 Ne7 30. Qf6 Qc6 31. Qg5 Qc7 32. Ra1 a6 33. Rb6 Bb5 34.
Kh2 Nc8 35. Nxh5 Nxb6 36. Nf6+ Kf8 37. cxb6 Qc6 38. Qh6+ Ke7 39. Qg5 Kf8 40.
Qh6+ Ke7 41. Qg5 Kf8 42. Qh6+ Ke7 43. Qg5 1/2-1/2

[Event "Russian Championship B17 1st league 2016"]
[Site "Loo"]
[Date "2016.04.20"]
[Round "1.33"]
[White "Zakharov, Nikolay A"]
[Black "Shelushpanov, Nikolai"]
[Result "1-0"]
[WhiteElo "1942"]
[BlackElo "1536"]
[PlyCount "85"]
[EventDate "2016.04.20"]

1. e4 e5 2. Nf3 Nc6 3. Bb5 a6 4. Ba4 Nf6 5. O-O b5 6. Bb3 Bc5 7. c3 d6 8. h3
Bb6 9. d4 O-O 10. Re1 h6 11. a4 Bb7 12. d5 Ne7 13. axb5 axb5 14. Rxa8 Bxa8 15.
Na3 Qd7 16. Qd3 c6 17. dxc6 Bxc6 18. c4 bxc4 19. Nxc4 Bc5 20. Bd2 Rd8 21. Na5
Qa7 22. Re2 Qc7 23. Nxc6 Qxc6 24. Nxe5 dxe5 25. Qxd8+ Kh7 26. Qd3 Kh8 27. Bc4
Qb6 28. Bc3 Nc6 29. Qd2 Nd4 30. Re1 Qc6 31. Bd3 Nh5 32. b4 Bb6 33. Bxd4 Bxd4
34. Rc1 Qb6 35. b5 Bc5 36. Bf1 Nf4 37. Rc2 Ne6 38. Qd5 Bd4 39. Qc6 Qa7 40. Qa6
Qe7 41. b6 Nc5 42. Qc8+ Qf8 43. b7 1-0

[Event "Russian Championship B17 1st league 2016"]
[Site "Loo"]
[Date "2016.04.20"]
[Round "1.34"]
[White "Miziuk, Anton"]
[Black "Chudinov, Igor"]
[Result "1/2-1/2"]
[WhiteElo "1528"]
[BlackElo "1936"]
[PlyCount "94"]
[EventDate "2016.04.20"]

1. e4 d6 2. d4 Nf6 3. Nc3 e5 4. Nf3 Nbd7 5. Bc4 Be7 6. O-O O-O 7. h3 c6 8. a4
a5 9. Kh1 Qc7 10. Rg1 exd4 11. Nxd4 Nc5 12. Qf3 Be6 13. Bd3 d5 14. exd5 Nxd5
15. Ne4 Qe5 16. c3 Rad8 17. Bc2 Nxe4 18. Bxe4 Bd6 19. g3 Bxh3 20. Kh2 Be6 21.
Rh1 Nf6 22. Bxc6 bxc6 23. Nxc6 Qd5 24. Qxd5 Bxd5 25. Nxd8 Bxh1 26. Nxf7 Rxf7
27. Kxh1 Ne4 28. Be3 Nxf2+ 29. Kg2 Ng4 30. Bb6 Bc7 31. Bc5 Rd7 32. Rf1 Bd6 33.
Rd1 Rc7 34. Bxd6 Ne3+ 35. Kf3 Nxd1 36. Bxc7 Nxb2 37. Bxa5 Nxa4 38. Ke4 Nc5+ 39.
Kd5 Nb3 40. Bb6 Kf7 41. c4 Kf6 42. Bd4+ Nxd4 43. Kxd4 Ke6 44. Ke4 h5 45. Kf4
Kf6 46. c5 g5+ 47. Kf3 Ke5 1/2-1/2

[Event "Russian Championship B17 1st league 2016"]
[Site "Loo"]
[Date "2016.04.20"]
[Round "1.35"]
[White "Lilov, Aleksandr"]
[Black "Novikov, Dmitry"]
[Result "1-0"]
[WhiteElo "1935"]
[BlackElo "1493"]
[PlyCount "89"]
[EventDate "2016.04.20"]

1. e4 e5 2. Nf3 Nc6 3. Bc4 Bc5 4. c3 Nf6 5. d4 exd4 6. cxd4 Bb4+ 7. Bd2 Nxe4 8.
Bxb4 Nxb4 9. Bxf7+ Kxf7 10. Qb3+ Ke8 11. Qxb4 Qe7 12. Qxe7+ Kxe7 13. Nc3 Nf6
14. O-O d6 15. Rfe1+ Kd8 16. Ng5 Rf8 17. Re2 h6 18. Nge4 Bd7 19. Rae1 Nxe4 20.
Rxe4 Re8 21. Rxe8+ Bxe8 22. Nd5 Bf7 23. Nxc7 Kxc7 24. Re7+ Kb6 25. Rxf7 Rc8 26.
g3 Rc2 27. Rxg7 Rxb2 28. f4 Rxa2 29. f5 Re2 30. Rg8 Re7 31. g4 a5 32. Kf2 Rf7
33. Ke3 a4 34. Ra8 Kb5 35. h4 Kb4 36. Kf4 a3 37. g5 hxg5+ 38. hxg5 Kb3 39. g6
Rg7 40. Kg5 Rc7 41. f6 Rc1 42. f7 Rg1+ 43. Kh6 Rh1+ 44. Kg7 Rf1 45. f8=Q 1-0

[Event "Russian Championship B17 1st league 2016"]
[Site "Loo"]
[Date "2016.04.20"]
[Round "1.36"]
[White "Kulikov, Egor"]
[Black "Ovsyanyuk, Dmitriy"]
[Result "0-1"]
[WhiteElo "1489"]
[BlackElo "1928"]
[PlyCount "52"]
[EventDate "2016.04.20"]

1. e4 e5 2. Nf3 Nc6 3. Bc4 Nf6 4. Ng5 d5 5. exd5 Na5 6. Bb5+ c6 7. dxc6 bxc6 8.
Qf3 h6 9. Ne4 Nd5 10. Ba4 Be7 11. Nbc3 O-O 12. Bxc6 Nxc6 13. Nxd5 Nd4 14. Nxe7+
Qxe7 15. Qd1 Bb7 16. f3 Bxe4 17. fxe4 Qh4+ 18. Kf1 f5 19. g3 Qh3+ 20. Kf2 fxe4+
21. Ke3 Rf3+ 22. Kxe4 Qf5+ 23. Kd5 Rd8+ 24. Kc4 Qe6+ 25. Kb4 Qb6+ 26. Ka4 Qb5#
0-1

[Event "Russian Championship B17 1st league 2016"]
[Site "Loo"]
[Date "2016.04.20"]
[Round "1.37"]
[White "Rozmanov, Aleksandr"]
[Black "Vasiliev, Semen B"]
[Result "1-0"]
[WhiteElo "1927"]
[BlackElo "1434"]
[PlyCount "69"]
[EventDate "2016.04.20"]

1. e4 d5 2. exd5 Qxd5 3. Nc3 Qd6 4. Bc4 g6 5. d3 Bg7 6. Nf3 Nf6 7. Be3 O-O 8.
h3 a6 9. Qd2 Re8 10. O-O b5 11. Bb3 Bb7 12. Bf4 Qb6 13. Ng5 e6 14. a3 Qc6 15.
Nf3 Nbd7 16. d4 Nb6 17. Rad1 Rad8 18. Qc1 Re7 19. Rfe1 Red7 20. Ne2 Qe4 21. Ng3
Qc6 22. c3 Nc8 23. Bc2 Nd6 24. Bd3 Re7 25. Rf1 Red7 26. Ne5 Qb6 27. Nxd7 Rxd7
28. f3 c5 29. dxc5 Qxc5+ 30. Be3 Qc7 31. Be2 Nh5 32. Bf2 Nc4 33. Rxd7 Qxd7 34.
Rd1 Qc7 35. Ne4 {далее запись неразбор~~ива} 1-0

[Event "Russian Championship B17 1st league 2016"]
[Site "Loo"]
[Date "2016.04.20"]
[Round "1.38"]
[White "Pavlovskiy, Vladislav"]
[Black "Veligjanin, Andrey"]
[Result "0-1"]
[WhiteElo "1240"]
[BlackElo "1922"]
[PlyCount "118"]
[EventDate "2016.04.20"]

1. d4 d5 2. Nf3 c6 3. c3 Nf6 4. Bf4 Bf5 5. e3 e6 6. Be2 h6 7. Nbd2 Be7 8. Qb3
Qb6 9. c4 dxc4 10. Bxc4 O-O 11. O-O Nbd7 12. h3 Qxb3 13. Bxb3 c5 14. dxc5 Nxc5
15. Bc4 Nd3 16. Bxd3 Bxd3 17. Rfc1 Rac8 18. Ne5 Bh7 19. a3 Rfd8 20. Nb3 Nd5 21.
Bg3 f6 22. Nf3 e5 23. Nfd2 Nb6 24. Na5 Rxd2 25. Rxc8+ Nxc8 26. Rc1 Rc2 27. Rxc2
Bxc2 28. Nxb7 Nd6 29. Nxd6 Bxd6 30. f3 a5 31. e4 Bc5+ 32. Kf1 a4 33. Ke2 Bd4
34. Kd2 Bb3 35. Kc1 Be3+ 36. Kb1 Kf7 37. Be1 Ke6 38. Bb4 f5 39. exf5+ Kxf5 40.
Bf8 g6 41. Bg7 h5 42. g4+ Kf4 43. h4 hxg4 44. fxg4 Kxg4 45. Bxe5 Kxh4 46. Bf6+
g5 47. Be5 g4 48. Bf6+ Kh3 49. Be5 g3 50. Bxg3 Kxg3 51. Ka1 Kf3 52. Kb1 Ke4 53.
Ka1 Bd1 54. Kb1 Kd3 55. Ka2 Kc2 56. Ka1 Bd4 57. Ka2 Be2 58. Ka1 Bxb2+ 59. Ka2
Bc4# 0-1

[Event "Russian Championship B17 2016"]
[Site "Loo"]
[Date "2016.04.20"]
[Round "1.1"]
[White "Triapishko, Olexandr"]
[Black "Mesnyankin, Nikita"]
[Result "1-0"]
[WhiteElo "2474"]
[BlackElo "2205"]
[PlyCount "125"]
[EventDate "2016.04.20"]

1. e4 e5 2. Nf3 Nc6 3. Nc3 Nf6 4. Bb5 Bd6 5. d3 a6 6. Bxc6 dxc6 7. h3 Qe7 8.
O-O Bd7 9. d4 exd4 10. Qxd4 Bc5 11. Qe5 Qxe5 12. Nxe5 Be6 13. Nd3 Bd4 14. Ne2
Ba7 15. Nef4 Bc4 16. Re1 a5 17. Be3 Bxe3 18. Rxe3 g5 19. Ne2 O-O-O 20. Ne5 Be6
21. Nc3 Nd7 22. Nf3 h6 23. b3 Nc5 24. Ne2 g4 25. hxg4 Bxg4 26. Ned4 Rhe8 27.
Rae1 Ne6 28. Nxe6 Rxe6 29. Nh2 Bd1 30. c4 b5 31. Nf1 Bc2 32. f3 Bd3 33. Rc1
bxc4 34. bxc4 Bxf1 35. Kxf1 f5 36. Rce1 f4 37. Ra3 Rd4 38. Rxa5 Rxc4 39. Rf5
Rc2 40. Re2 Rxe2 41. Kxe2 Rg6 42. Kf2 Rd6 43. Rxf4 Rd2+ 44. Kg3 Rxa2 45. Rf6 c5
46. Rxh6 c4 47. e5 Re2 48. Kf4 Rxg2 49. Rc6 Rc2 50. Ke3 Kd7 51. Rc5 Rc1 52. f4
c6 53. Kd2 Rf1 54. Rxc4 Rf3 55. Ke2 Rh3 56. Rd4+ Ke7 57. Rd3 Rh1 58. Ke3 c5 59.
Ke4 Re1+ 60. Kf5 Rc1 61. e6 c4 62. Rd7+ Ke8 63. Kf6 1-0

[Event "Russian Championship B17 2016"]
[Site "Loo"]
[Date "2016.04.20"]
[Round "1.2"]
[White "Selivanov, Ivan"]
[Black "Lobanov, Sergei"]
[Result "0-1"]
[WhiteElo "2194"]
[BlackElo "2457"]
[PlyCount "80"]
[EventDate "2016.04.20"]

1. e4 c5 2. Nf3 Nc6 3. d3 d5 4. Nbd2 Nf6 5. g3 e5 6. Bg2 Be7 7. O-O O-O 8. exd5
Nxd5 9. Re1 f6 10. Nf1 Be6 11. Ne3 Qd7 12. Nxd5 Bxd5 13. Be3 Rfd8 14. Qd2 Nd4
15. Bxd4 cxd4 16. Qe2 Rac8 17. Nh4 Bxg2 18. Nxg2 Rc5 19. f4 Rdc8 20. Rac1 Bd6
21. fxe5 Bxe5 22. Nh4 f5 23. b4 Rd5 24. Qf2 Bf6 25. Ng2 Rb5 26. a3 a5 27. Re2
axb4 28. axb4 Rxb4 29. Nf4 Rb2 30. Rce1 Bg5 31. h4 Bxf4 32. gxf4 Qd6 33. Re6
Rcxc2 34. Re8+ Kf7 35. R1e7+ Qxe7 36. Rxe7+ Kxe7 37. Qe1+ Kf7 38. Qa1 Rg2+ 39.
Kh1 Rh2+ 40. Kg1 Rbg2+ 0-1

[Event "Russian Championship B17 2016"]
[Site "Loo"]
[Date "2016.04.20"]
[Round "1.3"]
[White "Sarana, Alexey"]
[Black "Trubchaninov, Timur"]
[Result "1-0"]
[WhiteElo "2422"]
[BlackElo "2194"]
[PlyCount "65"]
[EventDate "2016.04.20"]

1. Nf3 Nf6 2. d4 g6 3. c4 Bg7 4. Nc3 O-O 5. g3 d6 6. Bg2 Nbd7 7. O-O e5 8. e4
exd4 9. Nxd4 Re8 10. h3 a6 11. Re1 Rb8 12. Be3 Ne5 13. b3 c5 14. Nde2 b5 15. f4
Ned7 16. Qxd6 b4 17. e5 bxc3 18. Nxc3 Nh5 19. g4 Bf8 20. Qd2 Ng7 21. Bc6 Ne6
22. Ne4 Be7 23. Rad1 Qc7 24. Qg2 Rd8 25. Nc3 Nb6 26. Nd5 Qa7 27. f5 Nd4 28.
Rxd4 cxd4 29. Bxd4 Bd7 30. Nxe7+ Kf8 31. e6 Bxe6 32. Bc5 Kg7 33. Qb2+ 1-0

[Event "Russian Championship B17 2016"]
[Site "Loo"]
[Date "2016.04.20"]
[Round "1.4"]
[White "Mestnikov, Aisen"]
[Black "Abelguzin, Dinar"]
[Result "0-1"]
[WhiteElo "2190"]
[BlackElo "2397"]
[PlyCount "82"]
[EventDate "2016.04.20"]

1. d4 Nf6 2. c4 g6 3. Nc3 Bg7 4. e4 d6 5. Nf3 O-O 6. h3 Nc6 7. Be3 e5 8. d5 Nd4
9. Nxd4 exd4 10. Bxd4 Nxe4 11. Nxe4 Qh4 12. Bxg7 Qxe4+ 13. Qe2 Qxe2+ 14. Bxe2
Kxg7 15. Kd2 a5 16. b3 Bd7 17. a3 Rfe8 18. Bd3 Kf6 19. Rhe1 h5 20. Re3 Rxe3 21.
Kxe3 c5 22. a4 Re8+ 23. Kd2 h4 24. Rc1 Kg5 25. Rc3 f5 26. Be2 Kf6 27. Re3 g5
28. Rxe8 Bxe8 29. Ke3 Ke5 30. f3 Bg6 31. Bd3 Bh7 32. Be2 f4+ 33. Kd2 Kd4 34.
Bf1 Bb1 35. Be2 b6 36. Bf1 Ba2 37. Kc2 Ke3 38. Kb2 Kf2 39. Bd3 Kxg2 40. Kxa2
Kxh3 41. b4 Kg3 0-1

[Event "Russian Championship B17 2016"]
[Site "Loo"]
[Date "2016.04.20"]
[Round "1.5"]
[White "Bykov, Oleg"]
[Black "Obgolts, Erik"]
[Result "1/2-1/2"]
[WhiteElo "2389"]
[BlackElo "2172"]
[PlyCount "87"]
[EventDate "2016.04.20"]

1. Nf3 Nf6 2. g3 g6 3. Bg2 Bg7 4. O-O c5 5. d4 cxd4 6. Nxd4 O-O 7. c4 Nc6 8.
Nc3 Nxd4 9. Qxd4 d6 10. Qd3 Nd7 11. b3 Nc5 12. Qd2 a5 13. Rb1 Bf5 14. e4 Be6
15. Nd5 Bxd5 16. Qxd5 Qc7 17. Be3 Rfd8 18. f4 e6 19. Qd2 Rab8 20. f5 Be5 21.
Qf2 b5 22. cxb5 Rxb5 23. g4 Rb4 24. Rbc1 Qb7 25. Qh4 f6 26. fxg6 hxg6 27. Bxc5
g5 28. Qh6 dxc5 29. Rxf6 Bxf6 30. Qxf6 Rf8 31. Qxe6+ Qf7 32. Qxf7+ Kxf7 33.
Rxc5 a4 34. bxa4 Rxa4 35. Rxg5 Rxa2 36. Bf1 Ke7 37. Re5+ Kf7 38. Rf5+ Ke7 39.
Bc4 Rxf5 40. exf5 Ra4 41. Be2 Kf6 42. Kf2 Rf4+ 43. Kg3 Rxf5 44. gxf5 1/2-1/2

[Event "Russian Championship B17 2016"]
[Site "Loo"]
[Date "2016.04.20"]
[Round "1.6"]
[White "Radzhabov, Rodion"]
[Black "Sorokin, Aleksey"]
[Result "0-1"]
[WhiteElo "2172"]
[BlackElo "2385"]
[PlyCount "59"]
[EventDate "2016.04.20"]

1. e4 c6 2. Nc3 d5 3. Qe2 d4 4. Nd1 e5 5. g3 Bd6 6. d3 c5 7. Bg2 Nc6 8. f4 exf4
9. gxf4 Nge7 10. Nf3 O-O 11. Nf2 f6 12. O-O Qe8 13. Nh4 Ng6 14. Nxg6 Qxg6 15.
Kh1 Qh6 16. Qf3 Nb4 17. c3 Nc2 18. Rb1 Kh8 19. Nh3 Qh4 20. Qf2 Qxf2 21. Rxf2
Ne1 {Далее запись неразбор~~ива} 22. cxd4 cxd4 23. f5 Nxd3 24. Rd2 Nxc1 25.
Rxc1 Be5 26. Rcd1 g6 27. fxg6 hxg6 28. Ng1 Bg4 29. Bf3 f5 30. h3 0-1

[Event "Russian Championship B17 2016"]
[Site "Loo"]
[Date "2016.04.20"]
[Round "1.7"]
[White "Askerov, Marat"]
[Black "Galiullin, Mikhail"]
[Result "1/2-1/2"]
[WhiteElo "2375"]
[BlackElo "2164"]
[PlyCount "80"]
[EventDate "2016.04.20"]

1. d4 Nf6 2. c4 e6 3. Nf3 c5 4. d5 b5 5. dxe6 fxe6 6. cxb5 d5 7. g3 Qa5+ 8.
Nbd2 Qxb5 9. e4 Qa5 10. e5 Ne4 11. Bd3 c4 12. Qc2 Bb7 13. Be2 Bc5 14. O-O Nxf2
15. b4 Ng4+ 16. bxc5 Ne3 17. Qb2 Nxf1 18. Qxb7 Nxd2 19. Bxd2 Qxc5+ 20. Kg2 O-O
21. Qxa8 Qb6 22. Bb4 Qxb4 23. Qxa7 Qb2 24. Re1 c3 25. Qe3 Nc6 26. Nd4 Qd2 27.
Qxd2 cxd2 28. Rd1 Nxd4 29. Rxd2 Nxe2 30. Rxe2 Ra8 31. Kf2 Ra3 32. Kg2 Kf7 33.
Kh3 Kg6 34. Kg4 Ra4+ 35. Kf3 Ra3+ 36. Kg4 Ra4+ 37. Kf3 Ra3+ 38. Kf4 Ra4+ 39.
Kf3 Ra3+ 40. Kf4 Ra4+ 1/2-1/2